Some characteristic features of the industrial development of the Southern Great Plain

Elmentve itt :
Bibliográfiai részletek
Szerző: Krajkó Gyula
Testületi szerző: International Geographical Union European Regional Conference (6.) (1971) (Budapest)
Dokumentumtípus: Könyv része
Megjelent: 1971
Sorozat:International Geographical Union : European Regional Conference
Kulcsszavak:Településföldrajz - Alföld
Online Access:http://acta.bibl.u-szeged.hu/41767
LEADER 00785naa a2200181 i 4500
001 acta41767
005 20260224081030.0
008 170705s1971 hu o 100 eng d
040 |a SZTE Egyetemi Kiadványok Repozitórium  |b hun 
041 |a eng 
100 1 |a Krajkó Gyula 
245 1 0 |a Some characteristic features of the industrial development of the Southern Great Plain  |h [elektronikus dokumentum] /  |c  Krajkó Gyula 
260 |c 1971 
300 |a 3-49 
490 0 |a International Geographical Union : European Regional Conference 
695 |a Településföldrajz - Alföld 
710 |a International Geographical Union European Regional Conference (6.) (1971) (Budapest) 
856 4 0 |u http://acta.bibl.u-szeged.hu/41767/1/igeu_1971_some_characteristic_features_002-048.pdf  |z Dokumentum-elérés